000 01465cam a22003375a 4500
001 16444321
003 EG-ScBUE
005 20220828110912.0
008 100902s2010 enka f b 001 0 eng d
020 _a9780192804419 (pbk.)
035 _a(OCoLC)ocn551404704
040 _aUKM
_beng
_erda
_cUKM
_dYDXCP
_dBTCTA
_dBWK
_dITJCU
_dDLC
_dEG-ScBUE
082 0 4 _a700.4112
_bBUT
_222
100 1 _aButler, Christopher,
_d1940-
_eauthor.
_939780
245 1 0 _aModernism :
_ba very short introduction /
_cChristopher Butler.
264 1 _aOxford ;
_aNew York :
_bOxford University Press,
_c2010.
300 _a[xii], 117 pages :
_billustrations ;
_c18 cm.
336 _2rdacontent
_atext
_btxt
337 _2rdamedia
_aunmediated
_bn
338 _2rdacarrier
_avolume
_bnc
490 0 _aVery short introductions ;
_v236
504 _aIncludes bibliographical references and index.
520 _aWhether we recognise it or not, virtually every aspect of our life today has been influenced in part by the aesthetic legacy of Modernism. In this introduction Christopher Butler examines how and why Modernism began, explaining what it is and showing how it has gradually informed all aspects of 20th and 21st century life.
650 7 _aModernism (Art)
_2BUEsh
_935888
650 7 _aModernism (Literature)
_2BUEsh
_939782
650 7 _aModernism (Aesthetics)
_2BUEsh
_939783
651 _2BUEsh
653 _cApril2016
_bART
655 _vReading book
_934232
942 _2ddc
_cBB
999 _c21587
_d21559